Presidents of the United States - Blind Typing - Statistics

General Stats
  • This quiz has been taken 34 times
  • The average score is 39 of 45
Answer Stats
Answer % Correct
George Washington
100%
John F. Kennedy
100%
Abraham Lincoln
96%
Barack Obama
96%
Bill Clinton
96%
Donald Trump
96%
Franklin D. Roosevelt
96%
Gerald R. Ford
96%
John Adams
96%
John Quincy Adams
96%
Lyndon B. Johnson
96%
Theodore Roosevelt
96%
Andrew Johnson
91%
George H. W. Bush
91%
George W. Bush
91%
James Madison
91%
Jimmy Carter
91%
Richard M. Nixon
91%
Ronald Reagan
91%
Harry S. Truman
87%
Thomas Jefferson
87%
William McKinley
87%
Zachary Taylor
87%
Andrew Jackson
83%
Benjamin Harrison
83%
Calvin Coolidge
83%
James Buchanan
83%
James Monroe
83%
Joe Biden
83%
Rutherford B. Hayes
83%
Ulysses S. Grant
83%
William Henry Harrison
83%
William Howard Taft
83%
Woodrow Wilson
83%
Dwight Eisenhower
78%
Herbert Hoover
78%
John Tyler
78%
Martin Van Buren
78%
Chester A. Arthur
74%
Grover Cleveland
74%
James A. Garfield
74%
Warren G. Harding
74%
James K. Polk
70%
Millard Fillmore
70%
Franklin Pierce
65%
No matching quizzes found
Score Distribution
Percent of People with Each Score
Percentile by Number Answered
Your Score History
You have not taken this quiz